Corte Penal Internacional ¿Dónde investigar? especial referencia a la Fiscalía en el proceso de activación
Guardat en:
| Autor principal: | |
|---|---|
| Format: | Llibre |
| Idioma: | espanyol |
| Publicat: |
Valencia
Tirant Lo Blanch
2003
|
| Col·lecció: | Tirant Monografías, 292
|
| Matèries: | |
| Etiquetes: |
Afegir etiqueta
Sense etiquetes, Sigues el primer a etiquetar aquest registre!
|
MARC
| LEADER | 00000nam a2200000 a 4500 | ||
|---|---|---|---|
| 001 | UCG5282 | ||
| 003 | CL-VaPUC | ||
| 008 | 110120e20030000SP |||||||||||||||||spa|d | ||
| 020 | |a 8484428664 | ||
| 082 | 0 | 4 | |a 341.77 |b OLA |2 21 |
| 100 | |a Olásolo, Héctor |e autor |9 554934 | ||
| 245 | 1 | 0 | |a Corte Penal Internacional ¿Dónde investigar? especial referencia a la Fiscalía en el proceso de activación |
| 300 | |a 645 p | ||
| 942 | |c BK | ||
| 945 | |d 20110120 00:00:00 |a dcastane | ||
| 260 | |a Valencia |b Tirant Lo Blanch |c 2003 | ||
| 650 | 0 | |a Derecho internacional |9 255637 | |
| 650 | 0 | |a Derecho penal internacional |9 371889 | |
| 650 | 0 | |a Tribunales internacionales |9 256072 | |
| 650 | 0 | |a Tratados internacionales |9 256056 | |
| 583 | |a last modification |c 20110120 00:00:00 |k Rodrigo Vera | ||
| 490 | 0 | |a Tirant Monografías, 292 | |
| 999 | |c 343835 |d 343833 | ||
| 952 | |0 0 |1 0 |4 0 |6 341_770000000000000_OLA_2003 |7 0 |8 A |9 441463 |a BIBDER |b BIBDER |d 2019-11-22 |i 4746600 |o 341.77 OLA 2003 |p 4746600 |r 2023-01-25 |w 2019-11-22 |y BK |k DER | ||